Presidents of Nicaragua by Picture - Statistics

General Stats
  • This quiz has been taken 19 times
    5 since last reset
  • The average score is 26 of 49
Answer Stats
Picture Hint Answer % Correct
1985-1990 | 2007-Present Daniel Ortega
100%
1921-1923 Diego Manuel Chamorro
100%
1853-1855 Fruto Chamorro
100%
2025-Present Rosario Murillo
100%
1990-1997 Violeta Chamorro
100%
1997-2002 Arnoldo Alemán
75%
1893-1909 José Santos Zelaya
75%
1856-1857 William Walker
75%
1883-1887 Adán Cárdenas
50%
1911-1917 | 1926-1929 Adolfo Díaz
50%
1967-1972 | 1974-1979 Anastasio Somoza Debayle
50%
1937-1947 | 1950-1956 Anastasio Somoza García
50%
1923-1925 Bartolomé Martínez
50%
1947 Benjamín Lacayo Sacasa
50%
1936-1937 Carlos Alberto Brenes
50%
1925-1926 Carlos José Solórzano
50%
1917-1921 | 1926 Emiliano Chamorro Vargas
50%
2002-2007 Enrique Bolaños
50%
1887-1889 Evaristo Carazo
50%
1867-1871 Fernando Guzmán Solórzano
50%
1979 Francisco Urcuyo
50%
1879-1883 | 1893 Joaquín Zavala
50%
1910 José Dolores Estrada
50%
1909-1910 José Madriz
50%
1855 José María Estrada
50%
1929-1933 José María Moncada
50%
1871-1875 José Vicente Cuadra
50%
1933-1936 Juan Bautista Sacasa
50%
1910-1911 Juan José Estrada
50%
1947 Leonardo Argüello Barreto
50%
1966-1967 Lorenzo Guerrero
50%
1910 Luis Mena
50%
1956-1963 Luis Somoza Debayle
50%
1857 Máximo Jerez
50%
1839 | 1840-1841 | 1855-1857 Patricio Rivas
50%
1875-1879 Pedro Joaquín Chamorro Alfaro
50%
1963-1966 René Schick
50%
1889-1891 | 1891-1893 Roberto Sacasa
50%
1893 Salvador Machado
50%
1857-1867 Tomás Martínez
50%
1947-1950 Víctor Manuel Román y Reyes
50%
1854-1855 Francisco Castellón
25%
1851-1852 Fulgencio Vega
25%
1839 | 1839 Joaquín del Cossío
25%
1845-1847 José León Sandoval
25%
1847-1849 José María Guerrero de Arcos
25%
1851 | 1851 | 1851-1853 Laureano Pineda
25%
1849-1851 Norberto Ramírez
25%
1841-1843 Pablo Buitrago y Benavente
25%
No matching quizzes found
Score Distribution
Percent of People with Each Score
Percentile by Number Answered
Your Score History
You have not taken this quiz since the last reset